Pauli Iovii Nouocomensis Episcopi Nucerini Elogia virorum literis illustrium (Record no. 187482)
[ view plain ]
| 000 -LEADER | |
|---|---|
| campo de control de longitud fija | 00684nam a2200157 i 4500 |
| 001 - NÚMERO DE CONTROL | |
| campo de control | 187482 |
| 003 - IDENTIFICADOR DE NÚMERO DE CONTROL | |
| campo de control | ES-MaACL |
| 005 - FECHA Y HORA DE LA ÚLTIMA TRANSACCIÓN | |
| campo de control | 20250816063152.0 |
| 008 - DATOS DE LONGITUD FIJA--INFORMACIÓN GENERAL | |
| campo de control de longitud fija | 170822s1577 sz |||| | lat d |
| 100 1# - ENTRADA PRINCIPAL--NOMBRE DE PERSONA | |
| Nombre de persona | Giòvio, Paolo, |
| Fechas asociadas al nombre | 1483-1552 |
| 9 (RLIN) | 163534 |
| 245 10 - MENCIÓN DEL TÍTULO | |
| Título | Pauli Iovii Nouocomensis Episcopi Nucerini Elogia virorum literis illustrium |
| Resto del título | : quotquot vel nostra vel avorum memoria vixere : ex eiusdem Musaeo (cuius descriptionem vnà exhibemus) ad vivum expressis imaginibus exornata. |
| 260 ## - PUBLICACIÓN, DISTRIBUCIÓN, ETC. | |
| Lugar de publicación, distribución, etc. | Basilea : |
| Nombre del editor, distribuidor, etc. | Petri Pernae typographi opera ac stvdio, |
| Fecha de publicación, distribución, etc. | 1577. |
| 300 ## - DESCRIPCIÓN FÍSICA | |
| Extensión | 4 h., 149 p.,1h. ; |
| Dimensiones | 35 cm. |
| 852 ## - LOCALIZACIÓN | |
| Ubicación | ES-MaACL |
| Número de control de estantería | R-1551(2) |
| Encuadernación | Olim: G-3289 |
| Estatus retirado | Estado de pérdida | Estado de daño | No para préstamo | Colección | Biblioteca de origen | Biblioteca actual | Ubicación en estantería | Fecha de adquisición | Fuente de adquisición | Total de préstamos | Signatura topográfica completa | Código de barras | Visto por última vez | Precio de reemplazo | Tipo de ítem Koha |
|---|---|---|---|---|---|---|---|---|---|---|---|---|---|---|---|
| Libros del s. XVI | Biblioteca del Ateneo de Madrid | Biblioteca del Ateneo de Madrid | Depósito | 22/08/2017 | R-1551(2) | 1197947 | 23/02/2023 | 23/02/2023 | Libro impreso antiguo |
